000 00748nam a2200181 i 4500
001 104600
003 ES-MaACL
005 20230906183638.0
007 t|
008 051202s1981 sp ||||1| spa d
110 1 _aEspaña.
_bMinisterio de Agricultura.
_bSecretaría General Técnica.
_93842
245 1 0 _aRed contable agraria nacional
_b: resultados del año 1978 /
_cMinisterio de Agricultura, Secretaría General Técnica.
260 _aMadrid :
_b[s.n.],
_c1981 (
_fImp. del Servicio de Publicaciones Agrarias)
300 _aXXXIV, 348 p. ;
_c29 cm.
650 4 _aAgricultura-
_zEspaña-
_vEstadísticas.
_9143450
710 1 _aEspaña.
_bMinisterio de Agricultura.
_bServicio de Publicaciones Agrarias.
_9172211
852 _aES-MaACL
_jL-479
999 _c104600
_d104600